Playing by the rules. A philosopical examination of rule-based decision-making in law an in life

Gespeichert in:
Bibliographische Detailangaben
1. Verfasser: Schauer, Frederick (VerfasserIn)
Format: Buch
Sprache:Englisch
Veröffentlicht: New York, USA. Claredon Press, 1991
Schriftenreihe:Clarendon Law Series
Schlagworte:
Online-Zugang:Disponible Online
Tags: Tag hinzufügen
Keine Tags, Fügen Sie den ersten Tag hinzu!

MARC

LEADER 00000nam a2200000 a 4500
001 UCJ2721
003 CL-VaPUC
005 20211004103959.0
008 070112e19910000US |||||||||||||||||eng|d
999 |c 318855  |d 318853 
020 |a 0198258313 
040 |c Pontificia Universidad Católica de Valparaíso 
082 0 4 |a 340.1 SCH 1991  |2 21 
100 0 |a Schauer, Frederick  |e author  |9 461189 
245 1 0 |a Playing by the rules.  |b A philosopical examination of rule-based decision-making in law an in life 
260 |a New York, USA.   |b Claredon Press,   |c 1991 
300 |a 254 páginas  
490 0 |a Clarendon Law Series 
583 |a last modification  |c 20070112 00:00:00  |k Rodrigo Vera 
650 0 |a Filosofía del derecho   |9 255050 
856 |u https://oxford.universitypressscholarship.com/view/10.1093/acprof:oso/9780198258315.001.0001/acprof-9780198258315?rskey=eXMIZy&result=1  |y Disponible Online  
942 |c BK  |2 ddc 
945 |d 20070112 00:00:00  |a jtorresc 
952 |0 0  |1 0  |4 0  |6 340_100000000000000_SCH_1991  |7 0  |8 A  |9 397050  |a BIBDER  |b BIBDER  |d 2019-11-22  |i 4287029  |l 2  |o 340.1 SCH 1991  |p 4287029  |r 2023-01-25  |s 2022-10-05  |w 2019-11-22  |y BK  |k DER